LEADER 02189nam a2200385 i 4500 001 000000152342 003 CaOOAMICUS 005 20060803000000.0 008 060803s1972 it u000 u ita u 013 $a129683 040 $aSeMil$bita 240 13$aLa preghiera nella visuale biblica ; Umanesimo marxista ; La relazione d'aiuto ; Il prete educatore della fede della comunitą.$0(OLS)http://semarc/title/222740 245 10$aDispense :$bAnno 1972 - 1973. 260 $a[S.l. :$bs.n.],$c1972. 300 $a1 v. (varie sequenze) ;$c27 cm. 500 $aContiene : [4] Sezioni. 650 4$aDispense scolastiche.$0(OLS)http://semarc/subject/526 773 0 $tCorso Educatori Seminari Lombardi.$d[S.l. : s.n.], 1971-[19--?]$g2$w()20277 774 0 $aGiavini, Giovanni $tPreghiera nella visuale biblica.$w()305025 774 0 $aDell'Acqua, Umberto$tRelazione d'aiuto.$w()305026 774 0 $aFerrari, G.$tPrete educatore della fede della comunitą.$w()305027 774 0 $aDe Mielesi, Ugo $tParola e preghiera come mezzi della conversazione con Dio.$w()305028 774 0 $aGilardi, Enrico $tUmanesimo marxista.$w()305029 774 0 $aGilardi, Enrico $tMarxismo e umanesimo ateo contemporaneo.$w()305030 774 0 $aGalli, Norberto <1926- >$tCaratterologia ed educazione.$w()305031 774 0 $aGiavini, Giovanni $tElementi biblici per una educazione alla fede.$w()305032 774 0 $aSerenthą, Luigi $tEducare alla fede nella civiltą secolarizzata.$w()305033 774 0 $aMascheroni, A.$tFede e vocazione sacerdotale.$w()305034 774 0 $aPiloni, A.$tSacra Scrittura, Teologia, Liturgia punti di riferimento obbligati per una nuova riflessione sulla preghiera.$w()305035 774 0 $aGilardi, Enrico $tUmanesimo neomarxista.$w()305036 850 $aSeMil 852 $aSeMil$W1$xVenegono$y1$m6X IV 13$j104301$B104301$CSeMilBibl$Z2$F113361 $8B 961 $aRecupero: Altro 996 $6245$aDispense :$bAnno 1972 - 1973$9(OLS)http://semarc/title/222739 996 $6260$a[S.l. :$bs.n.]$9(OLS)http://semarc/publisher/29751 LEADER 01272nam a2200265 i 4500 001 000000135008 003 CaOOAMICUS 005 20050222000000.0 008 050222s1972 it u000 u ita u 013 $a108301 040 $aSeMil$bita 100 1 $aVillani, Leonida.$0(OLS)http://semarc/name/55175 245 10$aMadonne di periferia /$cdi Leonida Villani ; pubblicazione edita dall'Ufficio Stampa del Comune di Milano. - 1972 (Milano : IGIS) 260 $a[S.l. :$bs.n.],$c1972$e(Milano :$fIGIS,$g1972) 300 $a1 vol. :$briccamente ill. ;$c30 cm. 490 0 $aCittą di Milano : Rassegna mensile del Comune e bollettino di statistica 500 $aAppartenenza alla serie ricavata da ICCU. 650 4$aTabernacoli - Milano.$0(OLS)http://semarc/subject/26590 700 1 $aUfficio Stampa del Comune di Milano.$0(OLS)http://semarc/name/16949 830 0$aCittą di Milano : Rassegna mensile del Comune e bollettino di statistica.$0(OLS)http://semarc/title/17282 850 $aSeMil 852 $aSeMil$W1$xVenegono$y1$m3O VI 216$j88705$B88705$CSeMilBibl$Z2$F93384 $81 961 $aLascito: Garavaglia don Angelo 996 $6245$aMadonne di periferia$9(OLS)http://semarc/title/197542 996 $6260$a[S.l. :$bs.n.]$9(OLS)http://semarc/publisher/29751 LEADER 01519nam a2200253 i 4500 001 000000018956 003 CaOOAMICUS 005 20230201144639.0 008 180830s1728 it u000 u ita u 040 $aSeMil$bita 100 1 $aRotigni, Costantino.$0(OLS)http://semarc/name/8485 245 13$aLo spirito della Chiesa nell'uso de' salmi cioe parafrasi di essi in forma di orazione, o di esortazione all'illustrissimo ... Lazzero Pallavicino arcivescovo di Tebe ... Tomo 1. [-2.]. 260 $aIn Firenze :$bNella stamperia di Sua Altezza Reale. Appresso Gaetano Tartini, e Santi Franchi,$c1728. 300 $a2 v. ;$c12°. 500 $aLegati insieme i 2 vol. 500 $aNome dell'a. dalla dedica del v. 1. e dal front. del v. 2 650 4$aBibbia. Antico Testamento. Salmi - Commentari, studi, critica, interpretazioni.$0(OLS)http://semarc/subject/289 700 1 $aTartini, Giovanni Gaetano & Franchi, Santi,$c.$0(OLS)http://semarc/name/8052 710 2 $aStamperia reale$b.$0(OLS)http://semarc/name/8486 774 0 $tTomo 1.$g1$w()230855 774 0 $tTomo 2.$g2$w()230856 996 $6245$aLo spirito della Chiesa nell'uso de' salmi cioe parafrasi di essi in forma di orazione, o di esortazione all'illustrissimo ... Lazzero Pallavicino arcivescovo di Tebe ... Tomo 1. [-2.]$9(OLS)http://semarc/title/24938 996 $6260$aIn Firenze :$bNella stamperia di Sua Altezza Reale. Appresso Gaetano Tartini, e Santi Franchi$9(OLS)http://semarc/publisher/34971